| 000 | 00570nam a22002297a 4500 | ||
|---|---|---|---|
| 003 | UA-OsUOA | ||
| 001 | 24569 | ||
| 007 | ta | ||
| 008 | 20040223b un ||||| |||| 00| 0 ukr d | ||
| 100 | _aАндронік Анатолій | ||
| 090 |
_a75 _bА66 |
||
| 942 | _cSA | ||
| 040 |
_aUA-OsUOA _bukr _cUA-OsUOA _dUA-OsUOA |
||
| 245 | _aЯпонська гравюра | ||
| 300 | _aС.16-19 | ||
| 955 | _a0 | ||
| 041 | _aukr | ||
| 080 | _a75 | ||
| 044 | _aUA | ||
| 773 | 0 |
_w0 _tЗарубіжна література _dК. _d2004 _g№8 |
|
| 650 | 7 |
_aМистецтво _2UDC |
|
| 999 |
_c310847 _d310847 |
||